| 000 | 00538pam a2200193 a 4500 | ||
|---|---|---|---|
| 020 | _a0321179749 (pbk.) | ||
| 020 | _a9780321179746 (pbk.) | ||
| 040 | _cDLC | ||
| 082 | 0 | 0 | _a808 PEA 2005 C152 Or. |
| 100 | 1 | _aMulvaney, Mary Kay | |
| 245 | 1 | 0 |
_aAcademic writing : _bgenres, samples, and resources / |
| 260 |
_aNew York : _bPearson Longman, _cc2005 |
||
| 300 |
_axix, 534 p. : _bill. ; _c23 cm |
||
| 500 | _aIncludes index | ||
| 650 | 0 | _aEnglish language | |
| 650 | 0 | _aAcademic writing | |
| 700 | 1 | _aJolliffe, David A | |
| 942 | _cAEDBB | ||
| 999 |
_c18781 _d18781 |
||